Gemeinden von Urfahr-Umgebung - Statistiken

Allgemein
  • Dieses Quiz wurde 366 mal gespielt
  • Das Durchschnittsergebnis liegt bei 18 aus 27
Antworten auf der Karte
Die Antworten werden auf der Karte rot bzw. grün angezeigt, abhängig davon wie oft sie richtig erraten wurden.
 
Antwortstatistiken
Einwohner Gemeinde % Korrekt
4.270 Bad Leonfelden
92%
6.625 Gallneukirchen
89%
4.764 Ottensheim
89%
4.214 Walding
79%
1.745 Zwettl an der Rodl
79%
5.100 Gramastetten
76%
4.934 Steyregg
75%
2.670 Vorderweißenbach
75%
5.361 Feldkirchen an der Donau
72%
2.187 Kirchschlag bei Linz
71%
2.349 Hellmonsödt
70%
3.168 Oberneukirchen
70%
4.633 Altenberg bei Linz
69%
1.321 Reichenau im Mühlkreis
67%
4.214 Alberndorf in der Riedmark
64%
1.489 Reichenthal
64%
797 Goldwörth
63%
1.581 Schenkenfelden
63%
8.859 Engerwitzdorf
62%
4.531 Puchenau
61%
2.675 Herzogsdorf
56%
2.787 Lichtenberg
56%
564 Ottenschlag im Mühlkreis
54%
2.101 Eidenberg
47%
1.315 St. Gotthard im Mühlkreis
44%
1.060 Sonnberg im Mühlkreis
42%
921 Haibach im Mühlkreis
40%
Keine übereinstimmenden Quizze gefunden
Verteilung der Resultate
Anzahl Personen mit jedem Resultat
Perzentil nach korrekt beantworteten Fragen
Ihre Resultats-Entwicklung
Sie haben dieses Quiz noch nicht gespielt